000 00360nam a22001457a 4500
082 _a623.8882
_bGIL
_c|L-32, P-7
100 _aGilcraft
_948918
245 _aKnotting
_cGilcraft
250 _a3rd
260 _aLondon
_bEdinburgh
_c1944
300 _a99. p :
_bill.
_c15cm
526 _a0
_b0
_c0
_d623_888200000000000_GIL
650 _aMCE
_9379
942 _2ddc
_cBK
999 _c551774
_d551774